| 000 | 00358nam a22001457a 4500 | ||
|---|---|---|---|
| 999 |
_c196204 _d196204 |
||
| 005 | 20230606152121.0 | ||
| 010 | _aB-680732 | ||
| 020 | _c595.00 | ||
| 035 | _aB-680732 | ||
| 245 | _aA complete study packedge NTSE-2016-17 | ||
| 260 |
_aDelhi _bPansy Books |
||
| 270 |
_aSomesh Vihar,Chhawla, _bDelhi _e110071 |
||
| 300 |
_avp. _c22cm |
||
| 942 |
_2ddc _cEN _mACO |
||